Uuden-Englannin osavaltiot - Statistics

Yleistilastot
  • Tätä visaa on pelattu 252 kertaa
  • Keskiarvotulos 5 / 6
Vastaustilastot
Osavaltio % Oikein
Maine
94%
Rhode Island
87%
Vermont
87%
Massachusetts
86%
New Hampshire
83%
Connecticut
79%
Ehtoja vastaavia visoja ei löytynyt
Tulosjakauma
Jokaisen tuloksen saaneiden osuus
Persentiili vastausten määrän mukaan
Tuloshistoriasi
Et ole pelannut tätä visaa